书目信息 |
| 书名: | Industrial engineering and managment science | |
| 作者: | Chief Editors by Xu Bingye, M. Tokuda, Wang Xiaochun | |
| 分册号: | ||
| 分册名: | 出版地: | Beijing : |
|
| 出版社: | International Academic Publishers | |
| 出版时间: | 1998. | |
| 页数: | 384 p. : | |
| 开本: | 27 cm. | |
| 丛书名: | ||
| 中图分类号: | ||
| 科图分类号: | ||
| 其他分类号: | T-53:H31 | |
| 主题词: | ||
| 电子资源: | ||
| 000 | 00937nam 2200241 a 4500 | |
| 001 | E0732991688 | |
| 003 | CatCD | |
| 005 | 20071006091223.39 | |
| 008 | 001 0 eng | |
| 008 | uu | |
| 020 | @a7800034313. | |
| 040 | @cN5L | |
| 049 | @aN5LA | |
| 090 | @aT-53:H31 | |
| 096 | @aTB12-532 @v3 | |
| 099 | @dT-53:H31@ex7 | |
| 111 | 2 | @aInternational Symposium on the Role of Engineering Mechanics in the Training of Engineers @n(2nd : @d1998 : @cBeijing, China) |
| 245 | 10 | @aIndustrial engineering and managment science :@bProceedings / @cChief Editors by Xu Bingye, M. Tokuda, Wang Xiaochun |
| 246 | @a工程力学在工程师培养中的作用:第二国际工程力学在工程师培养中的作用研究会论文集 | |
| 260 | @aBeijing :@bInternational Academic Publishers,@c1998. | |
| 300 | @a384 p. :@bill. ;@c27 cm. | |
| 700 | 1 | @aXu, Bingye, @eed. @b00 @c20020930 @lNLC09 @h2253 @lNLC09 @h0025 @lNLC09 @h2020 |
| 852 | 9 | @bWWJC @k2-99 @hTB12-532 @iI611/1998 |
| Industrial engineering and managment science : : Proceedings / / Chief Editors by Xu Bingye, M. Tokuda, Wang Xiaochun.-Beijing : : International Academic Publishers, , 1998. |
| 384 p. : : ill. ; ; 27 cm. |
| ISBN 7800034313. |
| ● |
| 相关链接 |
|
|
|
|
正题名:Industrial engineering and managment science
索取号:T-53:H31/x7
 
预约/预借
| 序号 | 登录号 | 条形码 | 馆藏地/架位号 | 状态 | 备注 |
| 1 | 17579 | 300175799 | 第二样本阅览室/ [索取号:T-53:H31/x7] | 在馆 |